| 000 | 00646nam a22002053a 4500 | ||
|---|---|---|---|
| 005 | 20210223124200.0 | ||
| 008 | 010613s1997 mx r 000 0 spa d | ||
| 020 | _a9681653831 | ||
| 035 | _aUPN01000108242 | ||
| 049 | _aCG | ||
| 050 | 4 |
_aKGF215 _bV3.4 |
|
| 245 | 0 | 4 |
_aLos valores en el derecho mexicano : _buna aproximación / _ccoord. Sergio García Ramírez. |
| 260 |
_aMéxico : _bUNAM, _bFCE, _c1997. |
||
| 300 | _a493 p. | ||
| 440 | 0 | _aSección de obras de política y derecho | |
| 650 | 4 |
_aETICA LEGAL - _zMEXICO _924953 |
|
| 650 | 4 |
_aDERECHO Y ETICA _914533 |
|
| 700 | 1 |
_aGarcía Ramírez, Sergio, _d1938- _ecoord. _935355 |
|
| 905 | _aLibro | ||
| 999 |
_c82154 _d82154 |
||